000
00265nam a22000977a 4500
999
_c
11666
_d
11666
008
191125b ||||| |||| 00| 0 eng d
020
_a
9789387644359
100
_a
Banerjee Sayan
_9
7368
245
_a
Information Technology-IX
260
_a
New Delhi
_b
Goyal Brothers
_c
2019